[Event "Maresme op 15th"]
[Site "Maresme"]
[Date "2018.11.03"]
[Round "5"]
[White "Ruiz Manchon, Francesco Xavier"]
[Black "Martin Capitan, Jesus C"]
[Result "1-0"]
[WhiteElo "2119"]
[BlackElo "1704"]
[PlyCount "59"]
[EventDate "2018.09.29"]
[EventType "swiss"]
[EventRounds "9"]
[EventCountry "ESP"]
[SourceTitle "EXT 2024"]
[Source "ChessBase"]
[SourceDate "2023.10.10"]
[SourceVersion "1"]
[SourceVersionDate "2023.10.10"]
[SourceQuality "1"]

1. e4 c5 2. c3 Nc6 3. d4 cxd4 4. cxd4 d5 5. exd5 Qxd5 6. Nc3 Qa5 7. d5 Ne5 8. Qd4 Nd7 9. Bc4 Ngf6 10. Nf3 Qb6 11. Qh4 g6 12. 0-0 Bg7 13. Re1 Qd8 14. Bg5 h6 15. Be3 g5 16. Qd4 Nh5 17. Qd2 Ne5 18. Nxe5 Bxe5 19. Bd4 Bxd4 20. Qxd4 0-0 21. Qe5 Re8 22. Rad1 a6 23. h4 Ng7 24. hxg5 hxg5 25. Qxg5 Bf5 26. Re3 e6 27. Qh6 exd5 28. Rg3 Bg6 29. Rxg6 fxg6 30. Bxd5+ 1-0

[Event "Llinars del Valles op 11th B"]
[Site "Llinars del Valles"]
[Date "2017.05.20"]
[Round "5.12"]
[White "Martin Capitan, Jesus C"]
[Black "Horta Gafarot, Biel"]
[Result "0-1"]
[WhiteElo "1681"]
[BlackElo "1497"]
[PlyCount "64"]
[EventDate "2017.04.22"]
[EventType "swiss"]
[EventRounds "9"]
[EventCountry "ESP"]
[SourceTitle "EXT 2024"]
[Source "ChessBase"]
[SourceDate "2023.10.10"]
[SourceVersion "1"]
[SourceVersionDate "2023.10.10"]
[SourceQuality "1"]

1. e4 g6 2. d4 Bg7 3. Nf3 d6 4. Nc3 Nf6 5. h3 c5 6. dxc5 Qa5 7. Bb5+ Bd7 8. Bxd7+ Nbxd7 9. 0-0 Qxc5 10. Be3 Qa5 11. Bd4 0-0 12. Re1 Rac8 13. Nd5 Rfe8 14. Nxf6+ Nxf6 15. e5 dxe5 16. Bc3 Qc7 17. Nxe5 Rf8 18. Qd4 Rfd8 19. Qxa7 Nd5 20. Ba5 b6 21. Qxc7 Rxc7 22. Bc3 Nxc3 23. bxc3 Rd5 24. f4 Rxc3 25. Rab1 Rxc2 26. Rxb6 Rdd2 27. Rb8+ Bf8 28. a4 f6 29. Ng4 Kf7 30. a5 Rxg2+ 31. Kf1 h5 32. Ne3 Rcf2# 0-1

[Event "Llinars del Valles op 11th B"]
[Site "Llinars del Valles"]
[Date "2017.04.29"]
[Round "2.26"]
[White "Martin Capitan, Jesus C"]
[Black "Puente Fernandez, Lucas"]
[Result "1/2-1/2"]
[WhiteElo "1681"]
[BlackElo "1260"]
[PlyCount "46"]
[EventDate "2017.04.22"]
[EventType "swiss"]
[EventRounds "9"]
[EventCountry "ESP"]
[SourceTitle "EXT 2024"]
[Source "ChessBase"]
[SourceDate "2023.10.10"]
[SourceVersion "1"]
[SourceVersionDate "2023.10.10"]
[SourceQuality "1"]

1. e4 e6 2. d4 d5 3. exd5 exd5 4. Nc3 Nc6 5. Be3 Be6 6. a3 Bd6 7. Bd3 Nge7 8. Qf3 Qd7 9. h3 0-0-0 10. Nb5 Bf5 11. Nxd6+ cxd6 12. 0-0-0 Bxd3 13. Rxd3 Qf5 14. Qxf5+ Nxf5 15. Nf3 Nxe3 16. Rxe3 Rhe8 17. Rhe1 Rxe3 18. Rxe3 Kd7 19. c3 Re8 20. Rxe8 Kxe8 21. Ng5 h6 22. Nf3 Ke7 23. Nh4 Kf6 1/2-1/2

[Event "Llinars del Valles op-B 10th"]
[Site "Llinars del Valles"]
[Date "2016.04.30"]
[Round "5"]
[White "Martin Capitan, Jesus C"]
[Black "Torralba Brosa, Marc"]
[Result "1-0"]
[WhiteElo "1865"]
[BlackElo "1685"]
[PlyCount "57"]
[EventDate "2016.04.02"]
[EventType "swiss"]
[EventRounds "9"]
[EventCountry "ESP"]
[SourceTitle "CBM 172 Extra"]
[Source "ChessBase"]
[SourceDate "2016.06.21"]
[SourceVersion "1"]
[SourceVersionDate "2016.06.21"]
[SourceQuality "1"]

1. e4 c5 2. Nf3 g6 3. d4 cxd4 4. Nxd4 Nc6 5. Bc4 Bg7 6. Nxc6 bxc6 7. Nc3 d6 8. Qf3 Nf6 9. e5 dxe5 10. Qxc6+ Bd7 11. Qa6 0-0 12. Bg5 Rc8 13. 0-0-0 Rc6 14. Qxc6 Bxc6 15. Rxd8 Rxd8 16. f3 Rd4 17. Bb3 e4 18. fxe4 Bxe4 19. Be3 Rd7 20. Nxe4 Nxe4 21. c3 e6 22. Rd1 Rxd1+ 23. Kxd1 Be5 24. Bxa7 Bxh2 25. Bc2 Nf6 26. a4 Nd5 27. a5 Bc7 28. a6 Kf8 29. Bc5+ 1-0

[Event "Llinars del Valles op-B 9th"]
[Site "Llinars del Valles"]
[Date "2015.06.13"]
[Round "9"]
[White "Borges de Clasca, Pol"]
[Black "Martin Capitan, Jesus C"]
[Result "0-1"]
[WhiteElo "1881"]
[BlackElo "1925"]
[PlyCount "108"]
[EventDate "2015.04.11"]
[EventType "swiss"]
[EventRounds "9"]
[EventCountry "ESP"]
[SourceTitle "EXT 2018"]
[Source "ChessBase"]
[SourceDate "2017.10.13"]
[SourceVersion "1"]
[SourceVersionDate "2017.10.13"]
[SourceQuality "1"]

1. d4 e6 2. g3 d5 3. Bg2 Nf6 4. e3 c5 5. dxc5 Bxc5 6. Ne2 0-0 7. 0-0 Nc6 8. Nd2 Qc7 9. c4 Rd8 10. cxd5 Nxd5 11. a3 Be7 12. b4 Bf6 13. Ra2 Nc3 14. Nxc3 Bxc3 15. Rc2 Qe5 16. Nf3 Rxd1 17. Nxe5 Rxf1+ 18. Kxf1 Bxe5 19. Bxc6 bxc6 20. Rxc6 Bb7 21. Rc2 Rc8 22. Rxc8+ Bxc8 23. Ke2 Ba6+ 24. Kd2 Bb5 25. Kc2 Kf8 26. Kb3 Ke7 27. a4 Bd7 28. f4 Bd6 29. Bb2 f6 30. b5 e5 31. Bc1 Ke6 32. Kc4 Be8 33. a5 Kd7 34. e4 Bf7+ 35. Kc3 Bc5 36. f5 Kc7 37. g4 g6 38. h4 Bf2 39. Kb4 Be1+ 40. Ka4 Bc4 41. Be3 Kb7 42. fxg6 hxg6 43. h5 gxh5 44. gxh5 Bd3 45. a6+ Kb8 46. b6 axb6 47. Bxb6 Bxe4 48. h6 Bd2 49. Bd8 Bg5 50. Ka5 Bg6 51. Kb5 e4 52. Kc4 e3 53. Bb6 e2 54. Bf2 Bd2 0-1

[Event "Mataro op-B"]
[Site "Mataro"]
[Date "1996.08.14"]
[Round "3"]
[White "Martin Capitan, Jesus C"]
[Black "Martinez Talavera, Jordi"]
[Result "0-1"]
[WhiteElo "1925"]
[BlackElo "1905"]
[PlyCount "94"]
[EventDate "1996.08.12"]
[EventType "swiss"]
[EventRounds "9"]
[EventCountry "ESP"]
[SourceTitle "EXT 2003"]
[Source "ChessBase"]
[SourceDate "2002.11.25"]
[SourceVersion "1"]
[SourceVersionDate "2002.11.25"]
[SourceQuality "1"]

1. e4 e5 2. f4 d5 3. exd5 e4 4. d3 Nf6 5. Nc3 Bb4 6. Bd2 0-0 7. Nxe4 Re8 8. Bxb4 Nxe4 9. dxe4 Rxe4+ 10. Be2 Rxb4 11. b3 Rxf4 12. Nf3 Qe7 13. 0-0 Bg4 14. Bd3 Nd7 15. Qd2 Qf6 16. Rae1 Bxf3 17. Qe3 Qd6 18. Rxf3 Rxf3 19. Qxf3 Ne5 20. Bxh7+ Kf8 21. Qg3 Re8 22. Bd3 Nf3+ 23. gxf3 Qxg3+ 24. hxg3 Rxe1+ 25. Kf2 Re5 26. c4 Ke7 27. f4 Rh5 28. Kg2 Kd6 29. b4 b5 30. Be2 Rh8 31. c5+ Kxd5 32. Bxb5 c6 33. Ba6 Rb8 34. a3 Kd4 35. Kf3 Kc3 36. Ke4 Kb3 37. Ke5 Rd8 38. b5 Rd5+ 39. Ke4 Rxc5 40. Kd4 Rxb5 41. Bxb5 cxb5 42. Kc5 a6 43. Kd6 Kxa3 44. Ke7 b4 45. Kxf7 b3 46. Kxg7 b2 47. f5 b1Q 0-1